Strażnicy morza Stefana Batorego / (Rekord nr 27771)
| 000 -Nagłówek | |
|---|---|
| fixed length control field | 01349cam a2200361 i 4500 |
| 001 - Nr kontrolny bibl., która utworzyła rek. | |
| control field | xx001241374 |
| 003 - Siglum bibl., której nr kontr. jest w 001 | |
| control field | NUKAT |
| 005 - Data i czas ostatniej operacji | |
| control field | 20260425212556.0 |
| 008 - Elementy pola stałej długości | |
| fixed length control field | 081126s1934 pl |000 0 pol c |
| 035 ## - Systemowy numer kontrolny | |
| systemowy numer kontrolny | (OCoLC)297814763 |
| 035 ## - Systemowy numer kontrolny | |
| systemowy numer kontrolny | (NUKAT)xx001241374 |
| 040 ## - Instytucja sporządzająca opis | |
| Instytucja, która sporządziła opis | WA U/76EBA |
| Instytucja, która sporządziła rekord | WA U/EBA |
| Instytucja, która zmodyfikowała rekord | WA U/DP |
| -- | GD PAN/BM |
| 100 1# - Hasło główne-nazwa osobowa | |
| Nazwa osobowa | Lepszy, Kazimierz |
| Daty biograficzne | (1904-1964). |
| 9 (RLIN) | 6941 |
| 245 10 - Tytuł właściwy i oznaczenie odpow. | |
| tytuł | Strażnicy morza Stefana Batorego / |
| dod. inf. ze s. tyt./ozn. odpow. | Kazimierz Lepszy. |
| 260 ## - Adres wydawniczy | |
| miejsce wydania, dystrybucji itp. | Gdańsk : |
| nazwa wydawcy, dystrybutora itp. | nakładem Towarzystwa Przyjaciół Nauki i Sztuki, |
| data wydania, dystrybucji itp. | 1934 |
| miejsce druku | (Gdańsk : |
| nazwa drukarni | Drukarnia Gdańska). |
| 300 ## - Opis fizyczny | |
| objętość i/lub forma materiału | 42, [1] s. ; |
| format | 23 cm. |
| 336 ## - Content Type | |
| Term | Tekst |
| Code | txt |
| Source | rdacontent |
| 337 ## - Media Type | |
| Term | Bez urządzenia pośredniczącego |
| Code | n |
| Source | rdamedia |
| 338 ## - Carrier Type | |
| Term | Wolumin |
| Code | nc |
| Source | rdacarrier |
| 380 ## - Form of work | |
| Form of work | Artykuły |
| 500 ## - Uwaga ogólna | |
| uwaga ogólna | Odb.: Rocznik Gdański, t. 7, 1933. |
| 600 07 - Hasło przedmiotowe-nazwa osobowa | |
| nazwa osobowa | Stefan Batory |
| tyt., in. dopowiedz. dot. nazwy | (król Polski ; |
| daty biograficzne | 1533-1586) |
| źródło hasła | DBN |
| 9 (RLIN) | 40307 |
| 600 07 - Hasło przedmiotowe-nazwa osobowa | |
| nazwa osobowa | Stefan Batory |
| tyt., in. dopowiedz. dot. nazwy | (król Polski ; |
| daty biograficzne | 1533-1586) |
| określnik rzeczowy | i Gdańsk. |
| źródło hasła | kaba |
| 9 (RLIN) | 40532 |
| 648 #7 - SUBJECT ADDED ENTRY--CHRONOLOGICAL TERM | |
| Chronological term | 1501-1600 |
| Source of heading or term | DBN |
| 9 (RLIN) | 36032 |
| 650 #7 - Hasło przedmiotowe-nazwa pospolita | |
| nazwa pospolita lub geogr. | Marynarka wojenna |
| źródło hasła | DBN |
| 9 (RLIN) | 40533 |
| 651 #7 - Hasło przedmiotowe-nazwa geogr. | |
| nazwa geograficzna | Polska |
| źródło hasła | DBN |
| 9 (RLIN) | 35076 |
| 651 #7 - Hasło przedmiotowe-nazwa geogr. | |
| nazwa geograficzna | Pomorze Gdańskie (Polska ; region) |
| określnik chronologiczny | 16 w. |
| źródło hasła | kaba |
| 9 (RLIN) | 40534 |
| 651 #7 - Hasło przedmiotowe-nazwa geogr. | |
| nazwa geograficzna | Pomorze (region) |
| określnik chronologiczny | 16 w. |
| źródło hasła | kaba |
| 9 (RLIN) | 40535 |
| 655 #7 - Termin określający rodzaj/formę | |
| rodzaj/forma | Nadbitki i odbitki |
| źródło terminu | DBN |
| 9 (RLIN) | 38727 |
| 658 ## - Nazwa określająca cel programu nauczania | |
| główny cel programu nauczania | Bezpieczeństwo i wojskowość |
| 658 ## - Nazwa określająca cel programu nauczania | |
| główny cel programu nauczania | Historia |
| 942 ## - ADDED ENTRY ELEMENTS (KOHA) | |
| Source of classification or shelving scheme | Dewey Decimal Classification |
| Koha item type | pozycje dostępne na miejscu |
| Status wycofania | Status zagubienia | Klasyfikacja | Status uszkodzenia | Blokada wypożyczeń | Kolekcja | Lokalizacja macierzysta | Lokalizacja bieżąca | Data nabycia | Numer akcesji | Nr inwentarzowy | il. wypożyczeń | Sygnatura | Kod kreskowy | Date last seen | Price effective from | Typ egz. |
|---|---|---|---|---|---|---|---|---|---|---|---|---|---|---|---|---|
| Dewey Decimal Classification | nieuszkodzona | Pracownia Badań Księgozbiorów Historycznych | Biblioteka Instytutu Północnego w Olsztynie | Pracownia Badań Księgozbiorów Historycznych | 25/04/2026 | K-18/1965 | 15956 | 15956 | IPWK23811 | 25/04/2026 | 25/04/2026 | pozycje dostępne na miejscu |